Statistics for Greek Seven Seas Quiz

Click here to take the quiz!

General Stats

  • This quiz has been taken 7 times
  • The average score is 6 of 7

Answer Stats

Greek Seas% Correct
Adriatic Sea
100%
Black Sea
100%
Mediterranean Sea
100%
Red Sea
100%
Aegean Sea
86%
Caspian Sea
86%
Persian Gulf
29%

Score Distribution

Percentile by Number Answered

Percent of People with Each Score

Your Score History

You have not taken this quiz